Villes côtières européenne - Statistiques

Statistiques générales
  • Ce quiz a été pris 73 fois
  • Le résultat moyen est 12 sur 15
Statistiques - réponses
Indice Réponse % Correct
Egalement appelée la "cité phocéenne" Marseille
98%
Rivale de Madrid Barcelone
97%
Ville très ancienne où se situe le Parthénon Athènes
95%
Ville et principauté Monaco
94%
Capitale écossaise Edimbourg
88%
Plus grand port français Le Havre
88%
Ville portant le nom d'un célèbre alcool portugais Porto
88%
Ancienne capitale de la Russie St-Petersbourg
86%
Capitale de la Sicile Palerme
84%
Ville célèbre pour sa Guinness Dublin
78%
Le siège du gouvernement néerlandais y est situé La Haye
77%
Egalement appelée la "cité des doges" Venise
73%
Se situe sur le détroit de l'Øresund Copenhague
72%
La société Supercell y est basée, se trouve sur la mer Baltique Helsinki
50%
Ville anciennement appelée Raguse et victime de surtourisme Dubrovnik
38%
Aucun quiz correspondant
Distribution des résultats
% des personnes avec chaque résultat
Percentile par nombre de réponses
Votre historique - résultats
Vous n’avez pas pris ce quiz